Rasy psów [poziom trudny] #3 - Statystyki

Ogólne statystyki
  • Ten quiz został rozwiązany 148 razy
  • Średni wynik to 7 z 24
Statystyki odpowiedzi
Obrazkowy Odpowiedź % Poprawnych
Dog niemiecki
55%
Shar Pei
55%
Wilczarz irlandzki
51%
Chart afgański
48%
Seter angielski
45%
Wilczak czechosłowacki
45%
Wyżeł weimarski
45%
Bichon frise
44%
Ogar polski
44%
Boston Terrier
43%
Cocker spaniel amerykański
35%
Dog argentyński
31%
Chart polski
29%
Wyżeł niemiecki szorstkowłosy
29%
Pumi
21%
Bedlington Terrier
20%
Australian silky terrier
17%
Chiński grzywacz
16%
Spaniel kontynentalny
12%
Pies grenlandzki
10%
Terier walijski
10%
Canaan dog
7%
Płochacz niemiecki (wachtelhund)
7%
Polski spaniel myśliwski
7%
Nie znaleziono quizów pasujących do podanych kryteriów
Rozkład punktacji
Procent ludzi z każdym wynikiem
Percentyl według liczby udzielonych odpowiedzi
Twoja historia wyników
Nie rozwiązałeś tego quizu